Aspectos de la conducencia en lo juridico (Registro nro. 71363)
[ vista simple ]
| 000 -CABECERA | |
|---|---|
| campo de control de longitud fija | 00688nab a2200241 a 4500 |
| 001 - NÚMERO DE CONTROL | |
| campo de control | 71363 |
| 003 - IDENTIFICADOR DEL NÚMERO DE CONTROL | |
| campo de control | 145406 |
| 005 - FECHA Y HORA DE LA ÚLTIMA TRANSACCIÓN | |
| campo de control | 20201118110926.0 |
| 008 - DATOS DE LONGITUD FIJA--INFORMACIÓN GENERAL | |
| campo de control de longitud fija | ||||||n9999 ||| || || |
| 041 ## - CÓDIGO DE LENGUA | |
| Código de lengua del texto/banda sonora o título independiente | spa |
| 100 ## - ENTRADA PRINCIPAL--NOMBRE DE PERSONA | |
| Nombre de persona | Borja Nino, Manuel Antonio |
| 245 #0 - MENCIÓN DE TÍTULO | |
| Título | Aspectos de la conducencia en lo juridico |
| 260 ## - PUBLICACIÓN, DISTRIBUCIÓN, ETC. | |
| Lugar de publicación, distribución, etc. | Bogotá : |
| Nombre del editor, distribuidor, etc. | Universidad Autónoma de Bucaramanga, |
| Fecha de publicación, distribución, etc. | 1999. |
| 300 ## - DESCRIPCIÓN FÍSICA | |
| Extensión | pp.63-121 |
| 562 ## - NOTA DE IDENTIFICACIÓN DE LA COPIA Y VERSIÓN | |
| Número de copias | 0 |
| 650 ## - PUNTO DE ACCESO ADICIONAL DE MATERIA--TÉRMINO DE MATERIA | |
| Término de materia o nombre geográfico como elemento de entrada | ANÁLISIS JURÍDICO |
| 650 ## - PUNTO DE ACCESO ADICIONAL DE MATERIA--TÉRMINO DE MATERIA | |
| Término de materia o nombre geográfico como elemento de entrada | APLICACION DE LA NORMA |
| 650 ## - PUNTO DE ACCESO ADICIONAL DE MATERIA--TÉRMINO DE MATERIA | |
| Término de materia o nombre geográfico como elemento de entrada | ASPECTOS SOCIOECONOMICOS |
| 650 ## - PUNTO DE ACCESO ADICIONAL DE MATERIA--TÉRMINO DE MATERIA | |
| Término de materia o nombre geográfico como elemento de entrada | INSTRUMENTOS JURIDICOS |
| 650 ## - PUNTO DE ACCESO ADICIONAL DE MATERIA--TÉRMINO DE MATERIA | |
| Término de materia o nombre geográfico como elemento de entrada | METODOLOGIA DEL DERECHO |
| 773 ## - ENLACE AL DOCUMENTO FUENTE/ENTRADA DE REGISTRO ANFITRIÓN | |
| Número bibliográfico anfitrión | 70624 |
| Encabezamiento principal | Temas socio-jurídicos - Vol.17 No.36 |
| 942 ## - ELEMENTOS DE PUNTO DE ACCESO ADICIONAL (KOHA) | |
| Tipo de ítem Koha | Artículo de Revista |
No hay ítems disponibles.

